000 00955nam a22003257a 4500
003 CHAP
005 20220329143710.0
008 110215s1977 es a r 00010 spa d
010 _a100510
011 _a101482
020 _a8473740246
035 _a112170
040 _cCHAP
090 _aFolleto 17915
100 1 _aTarsky, Sue
_9111720
245 1 0 _aFlores silvestres
_c/por Sue Tarsky
260 _aMadrid :
_bLagos,
_c1997
300 _a39 p. :
_bIlus.
490 3 _aLa senda de la naturaleza
590 _aBATCH-UPD
_b10
_c20130110
_lUCH01
_h1335
590 _aCONVERSION
_b10
_c20130109
_lUCH01
_h1355
650 1 4 _aFlores silvestres.
_941744
650 1 4 _aFlores
_xEuropa.
_941377
830 3 _aLa senda de la naturaleza
_964252
901 _aBK
911 _aen proceso
942 _cFOLL
949 _aFolleto 17915
_bBC
_cFOLL
_d33724002230975
_eTS2
_fc.2
_i112170
_sb
949 _aFolleto 17915
_bBC
_cFOLL
_d33724002231017
_eTS1
_i112170
_sb
999 _c100510
_d100510